[Event "Veliko Gradiste Silver Lake op"]
[Site "Veliko Gradiste"]
[Date "2016.06.20"]
[Round "2"]
[White "Atalik, Suat"]
[Black "Nestorovic, Dejan"]
[Result "1-0"]
[WhiteElo "2572"]
[BlackElo "2387"]
[Annotator "Atalik,S"]
[PlyCount "67"]
[EventDate "2016.06.19"]
[EventType "swiss"]
[EventRounds "9"]
[EventCountry "SRB"]
[SourceTitle "CBM 174"]
[Source "ChessBase"]
[SourceDate "2016.09.13"]
[SourceVersion "1"]
[SourceVersionDate "2016.09.13"]
[SourceQuality "1"]

1. d4 Nf6 2. c4 e6 3. Nc3 Bb4 4. g3 $5 ({Trying to bypass} 4. Nf3 b6) 4... O-O
5. Bg2 d6 {Actually a good decision.} (5... d5 {is also critical.} 6. a3 Bxc3+
7. bxc3 dxc4 8. Qa4 $5 (8. Nf3 Nbd7 9. a4 $13)) 6. Bd2 $6 {A meek move which I
have already played.} (6. Nf3 Bxc3+ 7. bxc3 Nbd7 8. O-O (8. Qd3 Re8 9. Nd2 c5
10. O-O e5 11. e4 $13) 8... Rb8 (8... c5 9. Bf4) 9. Qa4 Nb6 10. Qb4 $13) (6.
Qb3 c5 7. Nf3 Nc6 8. dxc5 dxc5 9. O-O e5 10. Bg5 Bxc3 11. bxc3 $5 $36) 6... e5
7. a3 (7. Nf3 Nc6 8. Nd5 $5 (8. d5 Ne7 9. O-O $13) 8... Bxd2+ 9. Qxd2 Bg4 10.
dxe5 dxe5 11. O-O $13 {is worth considering.}) 7... Bxc3 8. Bxc3 exd4 9. Bxd4 (
9. Qxd4 Re8 (9... Nc6 10. Qf4) 10. Nf3 Qe7 11. e3 Nc6 12. Qd3 {and White loses
way too many tempi.}) 9... Nc6 10. Nf3 (10. Bc3 $6 Re8 11. Nf3 Ne4 $40) 10...
Bf5 $146 (10... Nxd4 11. Nxd4 c6 12. O-O a5 13. b4 $1 $14 {is my game with IM
Dusan D. Jovanovic from the Central Serbian League 2014 where I barely kept
the balance. What really is intriguing that I did not remember it at all.}) 11.
O-O Re8 (11... Be4 12. Bc3) 12. b4 (12. Bc3 Ne4) 12... a5 13. b5 (13. Bxf6 Qxf6
14. b5 Nd8 15. Nd4 Be4 16. f3 Bg6 17. e4 Ne6 18. Nxe6 fxe6 $1 $132) 13... Nxd4
14. Nxd4 Be4 15. f3 Bg6 16. e4 (16. Bh3 d5) 16... Nd7 {A particular position.
Who has a bad bishop? The question is not easy to answer.} 17. a4 (17. Bh3 Nc5
18. Qd2 $13) 17... Nc5 (17... Qg5 $142 $1 18. Kh1 (18. f4 $2 Qc5 19. Qd3 Qb6
$17) 18... Qc5 19. Qd2 Ne5 20. Rfc1 f6 21. Qc3 Bf7 22. Bf1 $11 {when White
repulses the attack he has equal chances.}) 18. Nb3 Nxb3 $6 {Black should not
be afraid of Nxc5 dxc5!} (18... f6 $5 19. Nxc5 dxc5 20. Qd5+ Qxd5 21. cxd5 f5
22. Rae1 fxe4 23. fxe4 Re5 24. Rf4 Rae8 25. Kf2 b6 $1 $11) (18... Qf6 19. Nxc5
dxc5 20. Qd7 Rac8 (20... Qd4+ 21. Qxd4 cxd4 22. Rfd1 Rad8 23. Rd2 c5 24. bxc6
bxc6 25. c5 $16) (20... Rad8 21. Qxc7 Rd2 22. e5 $1 Rxe5 23. Rad1 Rxd1 24. Rxd1
h5 25. Qd8+ Qxd8 26. Rxd8+ Kh7 27. f4 $16) 21. Bh3 Rcd8 22. Qxc7 b6 $44) 19.
Qxb3 b6 20. Qc3 (20. Rad1 f6 21. Rfe1 Qe7 22. f4 Rad8) 20... Re7 $2 (20... Qg5
$1 21. Qd4 Rad8 22. Rad1 f6 $11) 21. Rae1 {After this Black has difficulties
to stop e5.} ({However the immediate} 21. e5 $2 dxe5 22. f4 e4 23. f5 Bh5 24.
g4 Bxg4 25. Qg3 Bxf5 $1 $19 {kills the joy!} (25... Qd4+ 26. Kh1 Bf3 $1 (26...
Bxf5 $2 27. Rad1 Qc5 (27... Qe5 $4 28. Qxe5 Rxe5 29. Rxf5 Rxf5 30. Bxe4 $18)
28. Rd5 Qxc4 29. Rdxf5) 27. Bxf3 exf3)) 21... f6 22. f4 Rc8 23. e5 dxe5 24.
fxe5 fxe5 25. Bb7 {There is no difference between the text} ({and} 25. Rd1 Rd7
(25... Qe8 $4 26. Bc6 $18) 26. Bd5+ Kh8 27. Qxe5 Qe7 28. Qxe7 (28. Qe6 $5 Re8)
28... Rxe7 29. Rde1 (29. c5 $5 bxc5 30. Rc1) 29... Rxe1 30. Rxe1 Re8 31. Rf1
Rd8 32. Rf4 h6 33. Kf2 $16 {and the ending is clearly better for White.}) (25.
Rxe5 Qd6 $132) 25... Rb8 26. Rd1 Qe8 $2 {An oversight after which Black loses
the exchange.} (26... Rd7 27. Bd5+ Kh8 28. Qxe5 Qe7 29. Qxe7 Rxe7 30. Rde1 Rxe1
31. Rxe1 Re8 32. Rf1 Rd8 33. Rf4 $1 {transposes to the ending mentioned above.}
) 27. Bc6 Qc8 28. Qa3 $18 Rf7 (28... Re8 $142 {is trickier.} 29. Bd7 $1 (29.
Rd7 $6 Rd8 30. Bd5+ Kh8 31. Rxg7 Kxg7 32. Qe7+ Kh6 33. Be6 Rd7 $1 (33... Qb7
34. Qh4+ Kg7 35. Qf6+ Kh6 36. h4 $1 Rf8 (36... Rd6 37. Qg5+ Kg7 38. Qxe5+ Kh6
39. Bd5 Rxd5 (39... Qc8 40. Qg5+ Kg7 41. Rf7+ $18) 40. cxd5 $18) 37. Qg5+ Kg7
38. Qxe5+ Kh6 39. Qg5+ Kg7 40. Qe7+ $18) 34. Bxd7 Qd8 35. Qe6 Qg5 $44) 29...
Qd8 30. Bxe8 (30. Be6+ $2 Rxe6 31. Rxd8+ Rxd8 32. c5 e4 33. Qe3 h6 $44) 30...
Qxe8 31. c5 Qe7 32. Qc3 $18) 29. Bd5 Qe8 30. c5 Qe7 31. Rd3 $1 {This pseudo
tactical move decides the issue at once.} bxc5 32. Rc3 c6 33. bxc6 $1 (33.
Bxf7+ Bxf7 34. Qxc5 Qxc5+ 35. Rxc5 cxb5 36. Rxb5 Ra8 37. Rxe5 Bb3 38. Rf4 $18 {
is a tougher nut to crack.}) 33... Rb4 34. Rcf3 1-0

[Event "Jakarta Japfa"]
[Site "Jakarta"]
[Date "2014.04.24"]
[Round "8"]
[White "Atalik, Suat"]
[Black "Barus, Cerdas"]
[Result "1/2-1/2"]
[WhiteElo "2562"]
[BlackElo "2392"]
[Annotator "Atalik,S"]
[PlyCount "133"]
[EventDate "2014.04.20"]
[EventType "tourn"]
[EventRounds "9"]
[EventCountry "INA"]
[EventCategory "8"]
[SourceTitle "CBM 161"]
[Source "ChessBase"]
[SourceDate "2014.07.16"]
[SourceVersion "1"]
[SourceVersionDate "2014.07.16"]
[SourceQuality "1"]

1. d4 Nf6 2. c4 e6 3. Nc3 Bb4 4. f3 c5 {For some reason I have become a magnet
for this move.} 5. d5 Bxc3+ 6. bxc3 d6 7. e4 {This should be compared to pawn
structures coming from the Leningrad Variation in which Black comes closer to
equalising because of White's tempo losses.} e5 ({I remembered that I had
played against GM Marin in a very similar sturcture back in 1986.} 7... Qa5 8.
Ne2 e5 9. Qb3 Nbd7 10. Ng3 Nf8 11. Bg5 $40) 8. Bd3 {I am not so sure if this
move should have been thrown in.} (8. Ne2 Nbd7 9. g4 Nf8 10. Ng3 h5 11. g5 Ng8
12. Nf5 Bxf5 13. exf5 Ne7 14. Bd3 $16) (8. Qa4+ Nbd7 9. Nh3 $16) 8... Nbd7 9.
Ne2 Nf8 10. g4 $5 ({A more popular move is} 10. h4 h5 11. Qa4+ Bd7 12. Qa3 Qc7
13. Bc2 Kd8 14. Rb1 $14) 10... Ng6 11. Ng3 $146 (11. h4 h5 12. g5 Ng8 13. Be3
N8e7 14. Qd2 Kd7 15. f4 exf4 16. Bxf4 Kc7 17. Bg3 f6 $132) 11... h5 (11... Nf4
12. Bxf4 exf4 13. Ne2 Nd7 14. Nxf4 Qh4+ 15. Ke2 Ne5 16. Qe1 Qe7 (16... Qf6 17.
Qg3) 17. h4 $16 {is a pawn to me.}) 12. g5 Ng8 13. Nf5 Kf8 14. h4 N8e7 {
Cedras is tactically alert.} (14... Nf4 $2 15. Bxf4 exf4 16. Qd2 g6 17. Qxf4
gxf5 18. exf5 $16) 15. Ng3 Qa5 (15... Nf4 $2 16. Bxf4 exf4 17. Ne2 Ng6 18. Qd2
Ne5 19. Kf2 $16) 16. Ne2 Bd7 17. Be3 Ke8 18. Qd2 (18. Rb1 Rb8 19. Qc1 f5 20.
gxf6 gxf6 21. Rb3 a6 22. Kf2 $14) 18... f5 (18... Kd8 $5 19. f4 $40) 19. gxf6
$2 {Hesitation took hold of me in this part of the game.} ({Black has no
problems after} 19. exf5 Bxf5 $1 (19... Nxf5 20. Bxf5 Bxf5 21. Ng3 Ne7 22. f4
e4)) ({but} 19. f4 $1 Rf8 20. O-O fxe4 21. Bxe4 Bg4 22. Qc2 Nf5 23. fxe5 Nxe3
24. Bxg6+ Ke7 25. Qe4 Nxf1 26. Bxh5 $3 $18 {is a sample line.}) 19... gxf6 20.
Rb1 Rb8 21. Ng3 (21. f4 Bg4 $5 (21... exf4 22. Bxf4 Ne5 23. Bxe5 fxe5 24. Rf1
Bg4) 22. f5 Nf8 $132) 21... Kd8 22. Rb3 Kc7 23. Qb2 Kc8 24. Ra3 (24. Kf2 Qc7 (
24... Qd8 25. Qa3 a6 26. Rhb1 Qc7 27. Rb6 $40) 25. Qa3 b6 $11) 24... Qb6 25.
Qc1 a6 26. Rb3 Qd8 27. Rh2 b6 $11 {I think Black really equalised in this part
of the game. In such positions if the side with the doubled pawns cannot
generate enough tactics to confuse the issue he becomes worse.} 28. f4 $6 {
I felt like doing something but probably anything else was better.} exf4 29.
Bxf4 Ne5 30. Bxe5 fxe5 31. Be2 Rg8 (31... Ng6 $142 32. Nxh5 Nf4 33. Nxf4 Rxh4
34. Ne6 Bxe6 35. Rf2 Bd7 36. Qe3 Rh3 37. Bf3 Kb7 $17) 32. Qe3 (32. Nxh5 $2 Rg1+
33. Bf1 Qh8 $19) 32... Ng6 33. Nxh5 Nxh4 34. Qf2 $5 {Another active move but
not better} ({than} 34. Kd2 Kc7 35. Rb1 Ng2 36. Qh6 Qe7 37. Rhh1 Rbf8 38. Rbf1
$15) 34... Ng6 (34... Qg5 $5 35. Rxh4 Kc7 {was an amazing possibility.} 36. Rb1
Rbf8 37. Qg3 Qxh5 38. Rxh5 Rxg3 39. Kd2 Rg2 40. Rh7 $15 {and White holds.}) {
Not only did I have significantly less time but I was seriously worse with my
bad pawn structure.} 35. Qf6 $6 ({I was between the text and} 35. Qf7 {the one
I should have played after all.} Nh8 (35... Rb7 36. Qf6 Kc7 37. Qxd8+ Rxd8 38.
Rg2) (35... Qg5 $5 36. Qxg8+ Kc7 37. Qg7 Rf8 38. Rxb6 Kxb6 39. Qxd7 Qc1+ 40.
Bd1 Qxc3+ $11) 36. Qf6 Kc7 37. Qxd8+ Rbxd8 38. Nf6 Rg7 39. Kd2 Bc8 40. Rb1 $11
{survives.}) 35... Kc7 36. Rf2 {Here something amazing happened, my opponent
tried to offer me a draw without making a move. I refused his proposal by
reminding him of the rules of chess, which was one of the most stupid things I
did in this game.} Qf8 $1 {Yes, the chess rules... he immediately played the
best move after the discuission.} 37. Qxf8 Rgxf8 $5 (37... Rbxf8 38. Nf6 Rg7
39. Nxd7 Rxd7 40. Rxf8 Nxf8 41. Kf2 Rh7 42. Rb1 Ng6 43. Rg1 Rh6 44. Ke3 $11)
38. Rb1 Nf4 39. Nxf4 exf4 40. Kd2 Rf6 $6 {He blew it and I already started to
lick my chops.} (40... Rbe8 41. Rbf1 Rxe4 42. Bd3 Re7 43. Rxf4 $11) 41. Rh1
Rbf8 42. Rh4 $6 (42. Rh7 $1 R6f7 43. Rfh2 $36) 42... b5 $1 43. cxb5 $2 (43. Rh7
$142 R8f7 44. Rfh2) (43. Kd3 $5 bxc4+ 44. Kd2 Bb5 45. Bg4 Rg6 46. Bh3 Rg1 47.
Bf1 f3 48. Rh7+ Kb6 49. Ke3 $13) 43... axb5 $36 {I was not aware that the
initiative had changed hands. All I wanted was to force c4 and bring my king
on to d4. Alas it is obviously not the safest place in the world.} 44. Kd3 $138
Kb6 45. Bg4 Bxg4 46. Rxg4 Ra8 47. e5 $6 (47. Rgxf4 Rxf4 48. Rxf4 c4+ 49. Ke3
Ra3 (49... Rxa2 50. Rf8) 50. Kd2 $1 (50. Kd4 Rxa2 51. Rf6 (51. e5 $6 Rd2+ 52.
Ke3 Rxd5 53. Rf6 (53. e6 $2 Re5+ 54. Re4 Rxe4+ 55. Kxe4 Kc7 56. Kd5 Kd8 $19)
53... Kc5 54. exd6 Rd3+ 55. Ke2 Kc6 56. d7+ Kxd7 57. Rf3 $3 $15 Rxf3 $140 58.
Kxf3 Kc6 59. Ke3 Kc5 60. Kd2 Kd5 61. Ke3 Ke5 62. Kf3 $11) 51... Rd2+ 52. Ke3
Rd3+ 53. Ke2 Rxc3 54. e5 Rh3 (54... Rd3 55. Rxd6+ Kc5 56. Rc6+ Kxd5 57. Rd6+ $1
$11) 55. Rxd6+ Kc5 56. Rd7 c3 57. e6 Kd4 58. e7 Re3+ 59. Kd1 Kd3 (59... b4 60.
Kc2) 60. Rc7 c2+ $11) 50... Rxa2+ 51. Kd1 Kc5 52. Rf8 $11) 47... dxe5 48. Ke4
Rd6 49. Kxe5 Rad8 $1 50. Rd2 c4 51. Rxf4 Kc5 $15 {It is not so unbelievable
that in spite of the pawn minus Black is better.} 52. Rfd4 $2 (52. a3 $6 Re8+ (
52... Rxd5+ 53. Rxd5+ Rxd5+ 54. Ke4 Rd3 55. Rf8 Rxc3 56. Rc8+ Kd6 57. a4 b4 58.
Kd4 Rd3+ 59. Ke4 $11) 53. Kf5 Re3 54. Rc2 Rxd5+ 55. Kf6 Re8 $1 $17) ({I had to
equalise immediately with} 52. Rf7 $142 $8 Rxd5+ 53. Rxd5+ Rxd5+ 54. Ke4 Rd3
55. Rc7+ Kd6 56. Rc8 Rxc3 57. a4 $1 b4 58. Kd4 $11) 52... Rh8 53. Rf2 $4 {
I still can not believe that in a double rook ending I lost one of my rooks.} (
{However things were not good even after the logical moves.} 53. Rg4 Re8+ (
53... Rh3 54. Rg8 $1 $11) 54. Kf4 Rf6+ (54... Rxd5 55. Rxd5+ Kxd5 56. Rg5+ Kc6
57. a4) 55. Kg5 Rf1 56. Kh6 Rf3 57. d6 Rxc3 58. d7 Rd8 59. Rg5+ Kc6 60. Rdd5
Rh3+ 61. Kg6 Rd3 62. Rc5+ Kxd7 $17) (53. Rf4 Re8+ 54. Kf5 Rxd5+ 55. Rxd5+ Kxd5
56. Rf3 b4 (56... Ra8 $2 57. Kf4 Rxa2 58. Rh3 $11 (58. Ke3 $2 Rc2 59. Rf5+ Kc6
$19)) 57. cxb4 Rf8+ 58. Kg4 Rc8 $1 (58... Rxf3 59. Kxf3 c3 60. Ke3 Kc4 61. b5
$11) 59. Rc3 Kd4 60. Rc1 c3 61. b5 Kd3 $19) 53... Rh3 $4 {Mutual blindness!} (
53... Re8+ 54. Kf4 Rf6+ 55. Kg3 Rg8+ $19 {would have won a rook and the game
on the spot.}) 54. Rf6 $2 {Missing another chance to run away with a draw.} (
54. Rf8 Re3+ 55. Kf4 Rxc3 56. Ke4 $1 $11 Rc2 $140 57. Rc8+ Kb4 58. Ke5 $40)
54... Re3+ $2 {He also started to miss things one after another.} (54... Rh5+
55. Rf5 Rxf5+ 56. Kxf5 b4 $1 (56... Rxd5+ $2 57. Rxd5+ Kxd5 58. Kf4 $1 $11 (58.
a3 Kc6 59. Ke6 Kb6 60. Kd5 Ka5 $19)) 57. Ke4 bxc3 58. Rd1 Rd7 59. Ke3 Re7+ 60.
Kf4 c2 61. Rc1 Kxd5 62. Rxc2 Kd4 $19) 55. Kf4 Rxc3 56. Rxd6 Kxd6 $2 {Capturing
obviously the wrong rook.} (56... Kxd4 57. Rd8 Rc2 58. d6 Rf2+ 59. Kg5 Rxa2 60.
d7 Ra7 $19) 57. Rd2 Rh3 58. Ke4 Rh5 59. Rg2 Rxd5 $6 {After the move he has
chosen game peters out to be a draw.} ({However in the event of} 59... Rh4+ $1
60. Ke3 Kxd5 61. Kd2 (61. Rg5+ $2 Kc6 62. Kd2 Rh2+ $19) 61... b4 62. Kc2 Kc5
63. Rf2 Kb5 64. Rg2 Ka4 65. Rg8 Rh2+ 66. Kb1 c3 67. Rb8 Rb2+ 68. Ka1 b3 69.
Ra8+ (69. axb3+ Ka3 70. Rb7 Rh2 71. Kb1 $11) 69... Kb4 70. Rb8+ Kc4 71. axb3+
Kd3 {I knew how to make a draw.} 72. Rd8+ $8 (72. Rh8 $2 Rd2 $3 (72... Re2 73.
Rh1 Kc2 74. Ka2 Rd2 75. b4 Rd1 76. Rh2+ $11) 73. Rh3+ (73. Rh1 Kc2 74. Ka2 Rd1
75. Rh2+ Kc1 76. b4 Rd2+ $19) 73... Kc2 74. Ka2 Kc1+ 75. Ka1 c2 $19 {
Bobotsov-Yukhtman,URS-Bulgaria(m),Kiev 1964}) 72... Kc2 73. Rh8 Kxb3 74. Rb8+
Kc2 75. Rh8 $11) 60. Rg8 $1 $11 Rh5 61. Kd4 Rh2 62. Rg6+ Kc7 63. a4 $1 (63. Kc5
c3 64. Rg7+ Kd8 65. Rg3 $11) 63... Rd2+ (63... Rh4+ 64. Kc3 bxa4 65. Ra6 a3 66.
Kb4 $11) 64. Kc5 c3 65. axb5 c2 66. Rc6+ (66. b6+ $4 Kd8 $19) 66... Kb7 67. Kb4
1/2-1/2

[Event "SRB-chT Central"]
[Site "Kraljevo"]
[Date "2014.09.18"]
[Round "8.3"]
[White "Atalik, Suat"]
[Black "Milanovic, Slavisa"]
[Result "1-0"]
[WhiteElo "2549"]
[BlackElo "2418"]
[Annotator "Atalik,S"]
[PlyCount "103"]
[EventDate "2014.09.13"]
[EventType "team-tourn"]
[EventRounds "11"]
[EventCountry "SRB"]
[SourceTitle "CBM 163"]
[Source "ChessBase"]
[SourceDate "2014.11.11"]
[SourceVersion "1"]
[SourceVersionDate "2014.11.11"]
[SourceQuality "1"]
[WhiteTeam "Kraljevo"]
[BlackTeam "Ub"]
[WhiteTeamCountry "SRB"]
[BlackTeamCountry "SRB"]

1. d4 Nf6 2. c4 e6 3. Nc3 Bb4 4. f3 c5 5. d5 b5 6. e4 bxc4 7. Bxc4 Nxd5 8. Bxd5
exd5 9. Qxd5 Nc6 (9... O-O 10. Nge2 Qb6 {Atalik-Schebler, Bangkok 2014.} 11.
O-O $1) 10. Nge2 Ba6 11. Kf2 (11. Bf4 $6 O-O 12. Kf2 Bxc3 13. bxc3 Bxe2 14.
Kxe2 Qf6 {is at least equal.}) 11... Rb8 $5 {A rare and also a risky move.} (
11... O-O 12. Rd1 Rb8 (12... Ba5 13. a3 Rb8 14. Bg5 Qc8 15. Rab1 $14) 13. Bf4
Bxc3 14. bxc3 Rb2 15. Rd2 Rxd2 16. Qxd2 $14) 12. Bf4 $1 $146 {This seemingly
impossible move makes the rest of the game almost forced.} (12. Bg5 Qb6 $1) (
12. Rd1 Ne7) 12... Bxc3 (12... Rb6 13. Rhd1) 13. bxc3 (13. Bxb8 $2 Bxb2 $1)
13... Rb2 14. Rhe1 Qf6 $1 (14... O-O 15. Rad1 Qf6 16. Rd2 Rxd2 17. Qxd2 $14) (
14... Qa5 15. Rad1 O-O 16. Rd2 $14) 15. Qd6 Bxe2 $2 (15... Qxd6 16. Bxd6 f6 17.
Rab1 (17. Bxc5 Kf7 $44) 17... Rc2 $1 $11 {is the only way to deal with Black's
problems.}) 16. Rxe2 Qxc3 17. Rd1 $1 (17. Rc1 Qd4+) 17... Rxe2+ 18. Kxe2 Nd4+ (
18... Qc4+ 19. Ke1 (19. Ke3 Qe6 20. Qxc5 $16) 19... Qb4+ 20. Rd2 Qb7 21. Qxc5
$16) 19. Rxd4 $1 (19. Kf2 {also looks good so both lines should have been
calculated to the very end.} Qb4 $1 (19... Qb2+ $6 20. Rd2 Qb6 21. Qe5+ Ne6 (
21... Kf8 22. Qd5 (22. Qd6+ $5) 22... Ke7 23. Qg5+ $18) 22. Rb2 $18) 20. Bh6 f6
21. Qd5 $1 Rf8 22. Bxg7 Qb2+ 23. Kg1 Rf7 24. Bh6 $16) 19... cxd4 20. Qb8+ Ke7
21. Qxh8 d3+ (21... h6 22. Qb8 $18) 22. Kf2 Qd4+ 23. Kg3 $1 (23. Be3 Qb2+ 24.
Kg3 Qe5+ 25. Bf4 Qxf4+ $1 26. Kxf4 d2 27. Qxg7 d1=Q $16 {is not such an easy
queen ending.}) 23... d2 24. Bg5+ Kd6 $1 {With this move one starts the king
hunt in which sometimes a single mistake may turn the tables.} (24... Qf6 $2
25. Qxg7) (24... f6 25. Qxg7+ Ke6 26. Qg8+ Ke7 27. Bh6 $1 Qe5+ 28. f4 Qc3+ 29.
Kh4 $18) 25. Qb8+ Kc6 26. Qc8+ $1 {The other checks are also good but this is
the most exact touch.} (26. Qa8+ Kc7 27. Bf4+ d6 $1 (27... Kb6 28. Qb8+ Ka6 29.
a4 $1 $18) 28. Bxd2 Qxd2 29. Qxa7+ Kc6 30. Qxf7 Qg5+ 31. Kh3 Qh6+ 32. Kg4 Qxh2
33. g3 g6 34. Qd5+ Kc7 35. a4 $18) 26... Kb6 27. Bd8+ Kb5 28. Qb7+ Kc5 (28...
Kc4 29. Qb3+ Kc5 30. Qd1 Qe3 31. Ba5 $18) 29. Qxa7+ Kc4 30. Qa6+ Kc3 31. Ba5+
$2 $138 {This is an incredible mistake in time trouble. I had simply forgotten
that my bishop could use the d8-h4 diagonal as well as d8-a5.} (31. Qa3+ Kc2
32. Qb3+ Kc1 33. Bg5 Qe5+ 34. Bf4 $18) 31... Kc2 (31... Kb2 32. Bxd2 Qxd2 33.
h4 $16) 32. Bxd2 (32. Qe2 $2 Qe5+) 32... Kxd2 33. Qa5+ Ke2 34. Qb5+ Kd2 $2 {
Loses on the spot since the ensuing king and pawns ending is hopeless due to
the outside passer on the a-file.} (34... Ke1 35. Qd5 Qf2+ 36. Kh3 $18 {
should make me sweat a little bit.}) 35. Qd5 $1 Qxd5 36. exd5 Kd3 37. d6 $1 $18
{This pawn is anyway doomed and is to be sacrificed after which the dirty job
will be done by the a-pawn.} Kd4 (37... Ke3 38. Kg4 Kd4 39. Kf4) 38. Kf4 Kd5
39. Ke3 Kc4 (39... Kxd6 40. Kd4 Kc6 41. a4 {wins easily.}) 40. Ke4 Kc5 41. Kd3
Kb4 42. Kd4 Kb5 43. Kd5 Kb4 44. h4 Kb5 45. h5 h6 46. g4 f6 47. f4 Kb4 48. a4 $1
{Winning a tempo by deflecting the king} ({compared to} 48. Ke4 Kc5 49. Kf5 (
49. a4 $1 $18) 49... Kxd6 50. Kg6 Kc7 $1 51. Kxg7 d5 52. g5 d4 53. gxh6 d3 54.
h7 d2 55. h8=Q d1=Q) 48... Kxa4 49. Ke4 Kb5 50. Kf5 Kc6 51. Kg6 Kxd6 52. Kxg7
1-0

[Event "SRB-chT Central"]
[Site "Kraljevo"]
[Date "2014.09.15"]
[Round "4.5"]
[White "Atalik, Suat"]
[Black "Jovanovic, Dusan D"]
[Result "1/2-1/2"]
[WhiteElo "2549"]
[BlackElo "2401"]
[Annotator "Atalik,S"]
[PlyCount "134"]
[EventDate "2014.09.13"]
[EventType "team-tourn"]
[EventRounds "11"]
[EventCountry "SRB"]
[SourceTitle "CBM 163"]
[Source "ChessBase"]
[SourceDate "2014.11.11"]
[SourceVersion "1"]
[SourceVersionDate "2014.11.11"]
[SourceQuality "1"]
[WhiteTeam "Kraljevo"]
[BlackTeam "Valjevo VSK"]
[WhiteTeamCountry "SRB"]
[BlackTeamCountry "SRB"]

1. d4 Nf6 2. c4 e6 3. Nc3 Bb4 4. g3 $5 (4. Nf3 d6 $5 {Since after this I won't
be forced to play g3, the positions in our game should not occur.} 5. Qc2 $1
$13) ({For many people} 4. Nf3 {ought to be played to reach Kasparov's line in
Nimzo-Indian.} b6 (4... O-O $5 5. Bg5 c5 6. e3 $5 h6 7. Bh4 cxd4 8. exd4 Qa5 9.
Bd3 Bxc3+ 10. bxc3 Qxc3+ 11. Kf1 $44) 5. Qb3 c5 6. Bg5 h6 7. Bh4 g5 8. Bg3 Ne4
9. e3 Bb7 10. Bd3 $5 Bxc3+ 11. bxc3 Nxg3 12. hxg3 {should properly be studied.}
) 4... O-O 5. Bg2 d6 $5 (5... d5 6. Nf3 dxc4 7. a3 Be7 (7... Bxc3+ 8. bxc3 c5
9. O-O $44) 8. Ne5 {I wanted to play this kind of position with him but his
response was quite intelligent.}) 6. Bd2 $5 ({I rightfully did not like} 6. Nf3
Bxc3+ 7. bxc3 Nbd7 8. O-O Rb8) 6... e5 7. a3 Bxc3 8. Bxc3 exd4 9. Bxd4 $146 ({
I did not like the looks of} 9. Qxd4 Re8 $5 10. Qh4 Nbd7 11. Nh3 Ne5) 9... Nc6
10. Nf3 Nxd4 11. Nxd4 c6 12. O-O a5 13. b4 axb4 14. axb4 Rxa1 15. Qxa1 Re8 16.
Rd1 ({I was reluctant to play} 16. e3 {in any stage of this game.}) 16... Qe7
17. Rd3 Be6 (17... Ng4 18. h3 Nxf2 19. Kxf2 c5 20. Bf3 $1 cxd4 21. Qxd4 $16 {
and White should be better.}) 18. Re3 (18. b5 Bxc4 19. Re3 Qf8 20. Rxe8 Qxe8
21. bxc6 bxc6 22. Bxc6 $14) 18... Qf8 (18... Ng4 19. Nxe6 fxe6 20. Ra3 $14) 19.
Nxe6 Rxe6 20. Rxe6 ({Possibly I had to go for} 20. Qa7 Rxe3 21. Qxe3 $14 {
with a minimal advantage for the home team.}) 20... fxe6 21. Qa7 Qc8 22. e4 (
22. Bh3 Kf7 $11) (22. b5 d5 23. bxc6 bxc6 24. Bh3 Qe8 $11) 22... Qc7 23. b5 (
23. c5 dxc5 (23... d5 24. exd5 exd5 25. Bf1 $14) 24. Qxc5 e5 25. b5 Ne8 26. Bf1
g6 27. Bc4+ Kg7 28. bxc6 bxc6 $14) 23... cxb5 24. cxb5 Nd7 $1 {After this it
became quite difficult to proceed for White.} 25. h4 (25. Bf3 Kf7 26. Kg2 Ke7
27. Qa8) 25... Kf7 26. Qe3 $6 {Rejecting his draw offer I have started to play
in a self destructive manner.} (26. Bf3 Qb6 27. Qxb6 Nxb6 28. e5 d5 29. Be2 $11
) 26... b6 27. Bf3 Qc5 28. Qf4+ Nf6 (28... Ke7 29. Be2 $15) 29. g4 Ke7 $1 (
29... e5 $6 30. Qd2 Ke7 31. g5 Ne8 32. Qa2 $1 Qxb5 33. Qg8 $36 {was my plan.})
30. g5 Nd7 31. Be2 Qe5 32. Qxe5 dxe5 $1 {Strange enough this position turned
out to be defendable for White.} 33. Kg2 Kd6 34. Kf3 Nf8 $1 35. h5 h6 36. gxh6
$1 {I had to reduce the number of pawns and make a point of entry for my king
on that flank to maintain the balance.} gxh6 37. Ke3 Ke7 38. f4 $1 Kf6 39. Kf3
Nd7 40. Bd3 Nc5 41. Bc2 Nb7 42. Bb1 Nd6 (42... Na5 43. Ba2) 43. Bd3 Nb7 44. Bb1
Nc5 45. Bc2 exf4 46. Kxf4 e5+ 47. Kg4 Ne6 48. Bb3 $1 Nd4 49. Bc4 Ke7 50. Bd5 $1
{Making use of the f5-square.} Kd6 51. Bf7 $1 Kc5 52. Be8 Kc4 (52... Nxb5 53.
Bxb5 Kxb5 54. Kf5 $11) 53. Bc6 Kd3 54. Bd5 Kc3 55. Bc6 Kc4 56. Bd7 Kb4 57. Bc6
Kc5 58. Be8 Kd6 59. Bf7 Ke7 ({He could have tried} 59... Nxb5 60. Kf5 Nd4+ 61.
Kg6 Ke7 62. Bd5 b5 63. Kxh6 Kf6 64. Kh7 Nf3 65. Bb3 Ng5+ (65... b4 66. Kg8 Kg5
67. Bd1 Nd4 68. Kg7 Ne6+ 69. Kf7 Nf4 70. h6 Kxh6 71. Kf6 Ng6 72. Bb3 $11) 66.
Kg8 Nxe4 67. h6 Ng5 68. Bc2 b4 69. Kf8 $11) 60. Bc4 Kf6 61. Bd3 Nb3 62. Bc4 Nd4
63. Bd3 Ne6 64. Bc4 Nc7 65. Kh4 Ne8 66. Bd5 Ke7 67. Kg4 Kf6 (67... Nf6+ 68. Kf5
$11) 1/2-1/2